Před valnými hromadami.
Metódy riadenia akciových spoločností v ČR. Úlohy predstavenstva ako najvyššieho orgánu riadenia akciovej spoločnosti. Povinnosť kolektívne rozhodovať. Úloha dozornej rady podľa obchodného zákonníka. Delegovanie právomoci a zodpovednosti. Spôsob riadenia akciovej spoločnosti v Európe a USA.
Gespeichert in:
| 1. Verfasser: | |
|---|---|
| Format: | Buchkapitel |
| Sprache: | Tschechisch |
| Schlagworte: | |
| Tags: |
Keine Tags, Fügen Sie das erste Tag hinzu!
|
MARC
| LEADER | 00000naa a2200000 4500 | ||
|---|---|---|---|
| 001 | r012214 | ||
| 005 | 20220826093527.4 | ||
| 041 | 0 | |a cze | |
| 044 | |a CZ | ||
| 245 | 1 | 0 | |a Před valnými hromadami. |c M. Tuček |
| 520 | |a Metódy riadenia akciových spoločností v ČR. Úlohy predstavenstva ako najvyššieho orgánu riadenia akciovej spoločnosti. Povinnosť kolektívne rozhodovať. Úloha dozornej rady podľa obchodného zákonníka. Delegovanie právomoci a zodpovednosti. Spôsob riadenia akciovej spoločnosti v Európe a USA. | ||
| 610 | 2 | 0 | |a spoločnosti akciové |
| 610 | 2 | 0 | |a riadenie podnikové |
| 610 | 2 | 0 | |a rozhodovanie podnikové |
| 610 | 2 | 0 | |a delegovanie právomoci |
| 610 | 2 | 0 | |a zodpovednosť |
| 610 | 2 | 0 | |a Európa |
| 610 | 2 | 0 | |a USA |
| 610 | 2 | 0 | |a rady dozorné |
| 610 | 2 | 0 | |a Čechy |
| 100 | 1 | |a Tuček, M. | |